Statistics for Viva la Vida Lyrics

Click here to take the quiz!

General Stats

  • This quiz has been taken 12,627 times
    (12,600 since last reset)
  • The average score is 21 of 30

Answer Stats

Lyric% Correct
I used to {rule} the world
99%
I used to roll the {dice}
90%
Feel the fear in my {enemy}'{s} {eyes}
86%
For some reason I can't {explain}
84%
And that was when I {ruled} {the} {world}
83%
Now the {old} {king} is dead! Long live the king!
81%
Now in the morning I {sleep} alone
81%
My missionaries in a foreign {field}
78%
For some {reason} I can't explain
77%
{Roman} Cavalry choirs are singing
77%
Listen as the {crowd} would sing
77%
I know {Saint} {Peter} won't call my name
73%
Blew down the {doors} to let me in
72%
One minute I {held} {the} {key}
72%
{Sweep} the streets I used to own
71%
People couldn't believe what I'd {become}
69%
Never an {honest} word
68%
Be my {mirror}, my sword and shield
66%
Oh who would ever {want} {to} be king?
66%
I hear {Jerusalem} bells are ringing
65%
{Seas} would rise when I gave the word
64%
Next the {walls} were closed on me
63%
For my head on a {silver} {plate}
62%
Upon pillars of {salt} and pillars of sand
59%
Shattered windows and the sound of {drums}
58%
And I discovered that my {castles} stand
54%
It was the {wicked} and wild wind
53%
I'm just a {puppet} on a lonely string
50%
Revolutionaries {wait}
45%
{Once} {you} {go} there was never
29%

Score Distribution

Percentile by Number Answered

Percent of People with Each Score

Your Score History

You have not taken this quiz since the last reset